Homem Aranha - Statistics

Estatísticas Gerais
  • Esse quiz foi jogado 239 vezes
  • A pontuação média é 12 de 15
Estatísticas das Respostas
Hint Resposta % Correto
Qual o nome do homem aranha? Peter Parker
99%
Quantos homens aranhas aparecem no Homem-Aranha No Way Home? 3
98%
Quantos filmes o Homem-Aranha tem? 8
95%
Quando foi lançado o primeiro filme do Homem-aranha? 2002
94%
Em qual o filme o Homem Areia aparece? Homem Aranha 3
93%
Tom Holland fez quantos filmes como Homem Aranha? 5
91%
Qual o nome da menina que o homem aranha do Tom Holland é apaixonado? Mj
84%
Qual é o simbionte que se pega no corpo do Peter Parker? Venom
84%
Qual foi o Vilão que matou a Gwen Stacy? Duende verde
82%
Qual o melhor amigo do homem aranha do Tom Holland? Ned
80%
Qual a cor da aranha do peito do traje da Aranha de Ferro do Tom Holland? Azul
76%
Qual a cor da aranha do peito do traje do Miles Morales? Vermelha
69%
Qual é a cor da aranha no peito do traje do PS4? Branca
62%
Qual vilão está sempre no sexteto sinistro? Doutor octopus
46%
Qual foi o quadrinho em que o Homem Aranha apareceu pela primeira vez? Amazing Fantasy 15
24%
Nenhum quiz correspondente encontrado
Distribuição das Pontuações
Porcentagem de Pessoas com Cada Pontuação
Percentil de Números Respondidos
Sua Pontuação Histórica
Você não jogou esse quiz